[Event "ISR-chT U18"]
[Site "Beer Yaakov"]
[Date "2022.08.15"]
[Round "5.3"]
[White "Shteiman, Yuval"]
[Black "Bilenkiy, Maksym"]
[Result "1/2-1/2"]
[WhiteElo "2107"]
[BlackElo "1783"]
[PlyCount "56"]
[EventDate "2022.08.14"]
[EventType "team-swiss"]
[EventRounds "7"]
[EventCountry "ISR"]
[SourceTitle "CBM 209 Extra"]
[Source "ChessBase"]
[SourceDate "2022.09.30"]
[SourceVersion "1"]
[SourceVersionDate "2022.09.30"]
[SourceQuality "1"]

1. c4 c6 2. g3 d5 3. Bg2 Nf6 4. Nf3 g6 5. b3 Bg7 6. Bb2 0-0 7. 0-0 e6 8. d3 b6 9. Nbd2 Bb7 10. Qc2 c5 11. e3 Nbd7 12. d4 Qc7 13. Rfd1 Rfd8 14. Rac1 Rac8 15. h3 h6 16. Ne5 Nxe5 17. dxe5 Nd7 18. f4 Nf8 19. Nf3 Rd7 20. Rd2 Rcd8 21. Rcd1 Bc6 22. h4 Qb7 23. cxd5 Bxd5 24. Ne1 Bxg2 25. Rxd7 Rxd7 26. Rxd7 Nxd7 27. Qxg2 Qxg2+ 28. Kxg2 Nb8 1/2-1/2

[Event "ISR-chT U18"]
[Site "Beer Yaakov"]
[Date "2022.08.15"]
[Round "3.3"]
[White "Shteiman, Yuval"]
[Black "Milikow, Elie"]
[Result "0-1"]
[WhiteElo "2107"]
[BlackElo "2430"]
[PlyCount "66"]
[EventDate "2022.08.14"]
[EventType "team-swiss"]
[EventRounds "7"]
[EventCountry "ISR"]
[SourceTitle "CBM 209 Extra"]
[Source "ChessBase"]
[SourceDate "2022.09.30"]
[SourceVersion "1"]
[SourceVersionDate "2022.09.30"]
[SourceQuality "1"]

1. c4 e5 2. g3 Nc6 3. Bg2 Nf6 4. Nc3 Bb4 5. e4 0-0 6. Nge2 a6 7. 0-0 Bc5 8. d3 d6 9. h3 h6 10. Kh2 b5 11. a3 bxc4 12. dxc4 Be6 13. Nd5 Nd4 14. b4 Ba7 15. Bb2 c6 16. Ne3 Nxe2 17. Qxe2 Bxe3 18. Qxe3 Bxc4 19. Rfc1 d5 20. Bxe5 Re8 21. f4 a5 22. Qd4 axb4 23. axb4 Qe7 24. Rxa8 Rxa8 25. Qc5 Qe6 26. Qd6 Ra2 27. Kh1 Nxe4 28. Qd8+ Kh7 29. Re1 Nxg3+ 30. Kg1 Qg6 31. Qh4 Bf1 32. Rxf1 Nxf1 33. Kxf1 Qxg2+ 0-1

[Event "ISR-ch sf"]
[Site "Ramat Gan"]
[Date "2022.05.30"]
[Round "4"]
[White "Shteiman, Yuval"]
[Black "Poleg, Matan"]
[Result "0-1"]
[WhiteElo "1984"]
[BlackElo "2225"]
[PlyCount "76"]
[EventDate "2022.05.09"]
[EventType "swiss"]
[EventRounds "9"]
[EventCountry "ISR"]
[SourceTitle "EXT 2023"]
[Source "ChessBase"]
[SourceDate "2022.10.05"]
[SourceVersion "1"]
[SourceVersionDate "2022.10.05"]
[SourceQuality "1"]

1. e4 c5 2. Nf3 e6 3. d4 cxd4 4. Nxd4 Nc6 5. c4 Nf6 6. Nc3 Bb4 7. Nxc6 bxc6 8. Bd3 e5 9. 0-0 0-0 10. Bd2 d6 11. Qe2 Re8 12. a3 Bc5 13. h3 Bb7 14. Rfe1 Bd4 15. Rad1 a5 16. Be3 Nd7 17. Bc2 c5 18. Rb1 Nf8 19. Qd3 Ne6 20. Nd5 a4 21. Kh1 Bc6 22. Bxd4 cxd4 23. Qg3 Bxd5 24. exd5 Nc5 25. Red1 Qf6 26. f3 g6 27. Qf2 Rab8 28. Rd2 Re7 29. f4 exf4 30. Rxd4 Re2 31. Qxe2 Qxd4 32. Qe7 Qxc4 33. Qxd6 Re8 34. Qc6 Re2 35. Bxa4 f3 36. gxf3 Qf4 37. Qc8+ Kg7 38. d6 Qh2# 0-1